[Event "Titled Tuesday intern op 30th Apr Late"]
[Site "Chess.com INT"]
[Date "2024.04.30"]
[Round "9"]
[White "Meza Astrada, Agustin"]
[Black "Davidson, Kevin"]
[Result "1-0"]
[WhiteElo "2032"]
[BlackElo "2154"]
[PlyCount "99"]
[EventDate "2024.04.30"]
[EventType "swiss (blitz)"]
[EventRounds "11"]
[EventCountry "USA"]
[SourceTitle "EXT 2025"]
[Source "ChessBase"]
[SourceDate "2024.10.14"]
[SourceVersion "1"]
[SourceVersionDate "2024.10.14"]
[SourceQuality "1"]

1. e4 c5 2. Nf3 d6 3. d4 cxd4 4. Nxd4 Nf6 5. Nc3 a6 6. a4 e6 7. Bc4 Be7 8. Be3 0-0 9. 0-0 Nc6 10. h3 Nxd4 11. Bxd4 e5 12. Be3 Be6 13. Bd5 Nxd5 14. Nxd5 Bxd5 15. Qxd5 Qc7 16. c3 Rac8 17. Rad1 Qc6 18. a5 Qxd5 19. Rxd5 Rc4 20. f3 Rfc8 21. Rfd1 Ra4 22. Kf2 f6 23. Ke2 Ra2 24. R1d2 Kf7 25. Bb6 Ke6 26. b4 Ra3 27. b5 Raxc3 28. bxa6 bxa6 29. R5d3 g6 30. Be3 Rxd3 31. Kxd3 Bd8 32. Bb6 Bxb6 33. axb6 Rb8 34. Rb2 Kd7 35. Kc4 Kc6 36. b7 Rxb7 37. Ra2 Ra7 38. Ra5 f5 39. h4 Kb6 40. Ra2 a5 41. Kd5 fxe4 42. fxe4 Kb5 43. Rb2+ Ka4 44. Kxd6 Ka3 45. Rb5 a4 46. Kxe5 Ka2 47. Kf6 a3 48. e5 Rc7 49. e6 Rc2 50. e7 1-0

[Event "Titled Tuesday intern op 23rd Apr Late"]
[Site "Chess.com INT"]
[Date "2024.04.23"]
[Round "5"]
[White "Davidson, Kevin"]
[Black "Martin Fuentes, Alberto"]
[Result "0-1"]
[WhiteElo "2154"]
[BlackElo "2372"]
[PlyCount "80"]
[EventDate "2024.04.23"]
[EventType "swiss (blitz)"]
[EventRounds "11"]
[EventCountry "USA"]
[SourceTitle "CBM 219 Extra"]
[Source "ChessBase"]
[SourceDate "2024.05.31"]
[SourceVersion "1"]
[SourceVersionDate "2024.05.31"]
[SourceQuality "1"]

1. e4 e6 2. d4 d5 3. Nc3 Bb4 4. exd5 exd5 5. Bd3 Nc6 6. a3 Bxc3+ 7. bxc3 Nce7 8. Qf3 Nf6 9. h3 Ne4 10. Bxe4 dxe4 11. Qxe4 c6 12. Nf3 0-0 13. 0-0 Bf5 14. Qe2 Re8 15. Bg5 f6 16. Be3 Qd5 17. c4 Qa5 18. Rfd1 Qa4 19. c3 Be6 20. Nd2 Rad8 21. Rdb1 b6 22. Rb4 Qc2 23. Qd1 Qg6 24. Qf3 Nf5 25. Qxc6 Nxe3 26. fxe3 Bxh3 27. Qf3 Bg4 28. Qg3 h5 29. a4 Qd3 30. Nf1 Qxc3 31. Rab1 Qc2 32. R1b2 Qf5 33. Rb5 Qg6 34. a5 bxa5 35. Rxa5 Rd7 36. c5 Rde7 37. d5 Re5 38. Rxa7 Rg5 39. Qc7 Bf3 40. d6 Rxg2+ 0-1

[Event "Titled Tuesday intern op 23rd Apr Late"]
[Site "Chess.com INT"]
[Date "2024.04.23"]
[Round "7"]
[White "Davidson, Kevin"]
[Black "Skotheim, Andreas"]
[Result "0-1"]
[WhiteElo "2154"]
[BlackElo "2214"]
[PlyCount "98"]
[EventDate "2024.04.23"]
[EventType "swiss (blitz)"]
[EventRounds "11"]
[EventCountry "USA"]
[SourceTitle "CBM 219 Extra"]
[Source "ChessBase"]
[SourceDate "2024.05.31"]
[SourceVersion "1"]
[SourceVersionDate "2024.05.31"]
[SourceQuality "1"]

1. e4 c5 2. Nf3 Nf6 3. e5 Nd5 4. d4 cxd4 5. Qxd4 e6 6. Bc4 Nc6 7. Qe4 f5 8. Qe2 Nb6 9. Bb3 Na5 10. Bg5 Qc7 11. 0-0 Bc5 12. Nc3 a6 13. Rad1 0-0 14. Be3 Bxe3 15. Qxe3 Nbc4 16. Qd4 Nxb2 17. Qd6 Qxd6 18. Rxd6 Nbc4 19. Rd4 b5 20. a4 Nc6 21. Rdd1 N4xe5 22. Nxe5 Nxe5 23. axb5 axb5 24. Nxb5 Ba6 25. Nc7 Bxf1 26. Nxa8 Be2 27. Ra1 Bc4 28. f4 Bxb3 29. cxb3 Nd3 30. g3 Rb8 31. Ra3 Nc5 32. Kf2 Rxb3 33. Rxb3 Nxb3 34. Nb6 Nc5 35. Ke3 Kf7 36. Kd4 d6 37. Nc8 Ne4 38. g4 h6 39. gxf5 exf5 40. Kd5 Kf6 41. Nb6 Kg6 42. Ke6 Nf2 43. Nd5 Ng4 44. h3 Nf2 45. h4 Ne4 46. Ne3 Ng3 47. Kxd6 Kh5 48. Ke6 Kxh4 49. Kf7 g5 0-1

[Event "Titled Tuesday intern op 23rd Apr Late"]
[Site "Chess.com INT"]
[Date "2024.04.23"]
[Round "4"]
[White "Kaplan, Ebru"]
[Black "Davidson, Kevin"]
[Result "0-1"]
[WhiteElo "1966"]
[BlackElo "2154"]
[PlyCount "50"]
[EventDate "2024.04.23"]
[EventType "swiss (blitz)"]
[EventRounds "11"]
[EventCountry "USA"]
[SourceTitle "CBM 219 Extra"]
[Source "ChessBase"]
[SourceDate "2024.05.31"]
[SourceVersion "1"]
[SourceVersionDate "2024.05.31"]
[SourceQuality "1"]

1. e4 c5 2. Nf3 d6 3. d4 cxd4 4. Nxd4 Nf6 5. Nc3 a6 6. h3 e6 7. g4 d5 8. exd5 Nxd5 9. Nde2 Bb4 10. Bg2 0-0 11. 0-0 Nxc3 12. Nxc3 Qc7 13. Qd4 Bd6 14. Be3 Nc6 15. Qc4 Bd7 16. Rad1 b5 17. Qd3 Bh2+ 18. Kh1 Rad8 19. Qe4 f5 20. Rxd7 fxe4 21. Rxc7 Bxc7 22. Bxe4 Ne5 23. b3 Ba5 24. Ne2 Bd2 25. Bg5 Bxg5 0-1